Inequidades y ausencia de criterios explícitos de reparto (Registro nro. 31559)
[ vista simple ]
| 000 -LEADER | |
|---|---|
| fixed length control field | 00408 a2200133 4500 |
| 001 - CONTROL NUMBER | |
| control field | ART_37831 |
| 005 - DATE AND TIME OF LATEST TRANSACTION | |
| control field | 20260410162004.0 |
| 008 - FIXED-LENGTH DATA ELEMENTS--GENERAL INFORMATION | |
| fixed length control field | 260409a |
| 100 1# - MAIN ENTRY--PERSONAL NAME | |
| Personal name | Uña, Gerardo |
| 245 10 - TITLE STATEMENT | |
| Title | Inequidades y ausencia de criterios explícitos de reparto |
| 700 1# - ADDED ENTRY--PERSONAL NAME | |
| Personal name | Cogliandro, Gisell |
| 700 1# - ADDED ENTRY--PERSONAL NAME | |
| Personal name | Bertello, Nicolás |
| 773 0# - HOST ITEM ENTRY | |
| Title | Boletín Informativo ASAP |
| Related parts | - Nº 44 (abr. 2010) |
| Record control number | REV30391 |
No hay ítems disponibles.